Угадай режиссёра по фильмам - Statistics

General Stats
  • This quiz has been taken 12 times
  • The average score is 34 of 100
Answer Stats
Фильмы Режиссёр % Correct
«Брат», «Груз 200», «Жмурки» Алексей Балабанов
92%
«12 стульев», «Бриллиантовая рука», «Иван Васильевич меняет профессию» Леонид Гайдай
92%
«Барри Линдон», «Заводной апельсин», «Космическая одиссея 2001 года» Стэнли Кубрик
83%
«12», «Сибирский цирюльник», «Утомлённые солнцем» Никита Михалков
75%
«Аватар», «Терминатор», «Титаник»» Джеймс Кэмерон
67%
«Андрей Рублёв», «Солярис», «Сталкер» Андрей Тарковский
67%
«Инопланетянин», «Спасти рядового Райана», «Список Шиндлера» Стивен Спилберг
67%
«Гараж», «Карнавальная ночь», «Служебный роман» Эльдар Рязанов
67%
«9 рота», «Сталинград», «Обитаемый остров» Фёдор Бондарчук
67%
«Бегущий по лезвию», «Гладиатор», «Чужой» Ридли Скотт
58%
«Волк с Уолл-стрит», «Славные парни», «Таксист» Мартин Скорсезе
58%
«Начало», «Оппенгеймер», «Тёмный рыцарь» Кристофер Нолан
58%
«Любовь и голуби», «Москва слезам не верит», «Ширли-мырли» Владимир Меньшов
58%
«Большой куш», «Карты, деньги, два ствола», «Револьвер» Гай Ричи
58%
«Бесславные ублюдки», «Джанго освобождённый», «Убить Билла» Квентин Тарантино
58%
«Апокалипсис сегодня», «Дракула», «Крёстный отец» Фрэнсис Форд Коппола
50%
«Горбатая гора», «Жизнь Пи», «Крадущийся тигр, затаившийся дракон» Энг Ли
50%
«Елена», «Левиафан», «Нелюбовь» Андрей Звягинцев
50%
«Малхолланд Драйв», «Синий бархат», «Шоссе в никуда» Дэвид Линч
50%
«Китайский квартал», «Пианист», «Ребёнок Розмари» Роман Полански
50%
«Битва за битвой», «Лакричная пицца», «Ночи в стиле буги» Пол Томас Андерсон
50%
«Доктор Живаго», «Лоуренс Аравийский», «Оливер Твист» Дэвид Лин
50%
«Амаркорд», «Восемь с половиной», «Ночи Кабирии» Федерико Феллини
50%
«Ёлки», «Ночной Дозор», «Особо опасен» Тимур Бекмамбетов
50%
«25-й час», «Делай как надо!», «Малкольм Икс» Спайк Ли
50%
«Великий диктатор», «Месье Верду», «Парижанка» Чарли Чаплин
50%
«Контакт», «Назад в будущее», «Форрест Гамп» Роберт Земекис
42%
«Реквием по мечте», «Рестлер», «Чёрный лебедь» Даррен Аронофски
42%
«Головокружение», «Психо», «Птицы» Альфред Хичкок
42%
«Аризонская мечта», «Время цыган», «Чёрная кошка, белый кот» Эмир Кустурица
42%
«Последний из могикан», «Соучастник», «Схватка» Майкл Манн
42%
«Леон», «Пятый элемент», «Такси» Люк Бессон
42%
«Афоня», «Мимино», «Кин-дза-дза!» Георгий Данелия
42%
«Ашик-Кериб», «Тени забытых предков», «Цвет граната» Сергей Параджанов
42%
«Город астероидов», «Королевство полной луны», «Отель „Гранд Будапешт“» Уэс Андерсон
42%
«Расёмон», «Семь самураев», «Трон в крови» Акира Куросава
42%
«Малышка на миллион», «Непокорённый», «Письма с Иводзимы» Клинт Иствуд
42%
«Конформист», «Последнее танго в Париже», «Последний император» Бернардо Бертолуччи
42%
«Видеодром», «Муха», «Экзистенция» Дэвид Кроненберг
33%
«Битлджус», «Сонная лощина», «Эдвард Руки-ножницы» Тим Бёртон
33%
«Бегущий по лезвию 2049», «Дюна», «Пленницы» Дени Вильнёв
33%
«Гражданин Кейн», «Печать зла», «Процесс» Орсон Уэллс
33%
«Блэйд 2», «Лабиринт фавна», «Форма воды» Гильермо дель Торо
33%
«Армагеддон», «Плохие парни», «Скала» Майкл Бэй
33%
«Бедные-несчастные», «Бугония», «Клык» Йоргос Лантимос
33%
«Взвод», «Прирождённые убийцы», «Уолл-стрит» Оливер Стоун
33%
«Властелин колец: Две крепости», «Кинг-Конг», «Небесные создания» Питер Джексон
33%
«Бойцовский клуб», «Семь», «Социальная сеть» Дэвид Финчер
33%
«За пригоршню долларов», «Однажды в Америке», «Хороший, плохой, злой» Серджо Леоне
33%
«Большой переполох в маленьком Китае», «Нечто», «Побег из Нью-Йорка» Джон Карпентер
33%
«Русский ковчег», «Сказка», «Фауст» Александр Сокуров
33%
«Город Зеро», «Курьер», «Мы из джаза» Карен Шахназаров
33%
«Затоичи», «Сонатина», «Фейерверк» Такэси Китано
33%
«28 дней спустя», «Миллионер из трущоб», «На игле» Дэнни Бойл
33%
«Амадей», «Вальмон», «Пролетая над гнездом кукушки» Милош Форман
33%
«12 обезьян», «Бразилия», «Монти Пайтон и священный Грааль» Терри Гиллиам
33%
«007: Спектр», «Красота по-американски», «Морпехи» Сэм Мендес
25%
«Всё о моей матери», «Кожа, в которой я живу», «Поговори с ней» Педро Альмодовар
25%
«Выживут только любовники», «Сломанные цветы», «Патерсон» Джим Джармуш
25%
«Канал», «Поколение», «Пепел и алмаз» Анджей Вайда
25%
«Край», «Матильда», «Рок» Алексей Учитель
25%
«Дама пик», «Остров», «Царь» Павел Лунгин
25%
«Меланхолия», «Рассекая волны», «Танцующая в темноте» Ларс фон Триер
25%
«Без лица», «Круто сваренные», «Светлое будущее» Джон Ву
25%
«Земляничная поляна», «Персона», «Седьмая печать» Ингмар Бергман
25%
«Дикие дни», «Любовное настроение», «Пока не высохнут слёзы» Вонг Карвай
25%
«Красная палатка», «Летят журавли», «Я — Куба» Михаил Калатозов
25%
«М», «Метрополис», «Ярость» Фриц Ланг
25%
«Гравитация», «И твою маму тоже», «Рома» Альфонсо Куарон
25%
«Лето», «Петровы в гриппе», «Ученик» Кирилл Серебренников
25%
«За канделябрами», «Секс, ложь и видео», «Траффик» Стивен Содерберг
25%
«Окча», «Паразиты», «Сквозь снег» Пон Чжун Хо
17%
«Гроздья гнева», «Осведомитель», «Тихий человек» Джон Форд
17%
«Из Африки», «Три дня Кондора», «Фирма» Сидни Поллак
17%
«Сатанинское танго», «Туринская лошадь», «Человек из Лондона» Бела Тарр
17%
«Виридиана», «Дневная красавица», «Скромное обаяние буржуазии» Луис Бунюэль
17%
«Бульвар Сансет», «В джазе только девушки», «Квартира» Билли Уайлдер
17%
«12 разгневанных мужчин», «Игры дьявола», «Собачий полдень» Сидни Люмет
17%
«Интерьеры», «Манхэттен», «Энни Холл» Вуди Аллен
17%
«Древо жизни», «Пустоши», «Тонкая красная линия» Терренс Малик
17%
«Когда Гарри встретил Салли», «Несколько хороших парней», «Мизери» Роб Райнер
17%
«Агирре, гнев божий», «Далёкая синяя высь», «Фицкарральдо» Вернер Херцог
17%
«Белая лента», «Любовь», «Скрытое» Михаэль Ханеке
17%
«Жажда», «Олдбой», «Сочувствие госпоже Месть» Пак Чхан Ук
17%
«Крепкий орешек», «Охота за „Красным Октябрём“», «Хищник» Джон Мактирнан
8%
«Аполлон-13», «Гонка», «Игры разума» Рон Ховард
8%
«Ветер, который качает вереск», «Доля ангелов», «Я, Дэниел Блейк» Кен Лоуч
8%
«Красный круг», «Самурай», «Стукач» Жан-Пьер Мельвиль
8%
«Германия, год нулевой», «Пайза», «Рим — открытый город» Роберто Росселлини
8%
«Брак по-итальянски», «Вчера, сегодня, завтра», «Похитители велосипедов» Витторио Де Сика
8%
«В прошлом году в Мариенбаде», «Ночь и туман», «Хиросима, любовь моя» Ален Рене
8%
«Леопард», «Посторонний», «Рокко и его братья» Лукино Висконти
8%
«Вечное возвращение», «Мелодия для шарманки», «Настройщик» Кира Муратова
8%
«Великая иллюзия», «Правила игры», «Человек-зверь» Жан Ренуар
8%
«Америка, Америка», «К востоку от рая», «Куколка» Элиа Казан
8%
«Альфавиль», «Банда аутсайдеров», «На последнем дыхании» Жан-Люк Годар
8%
«Лицо со шрамом», «Неприкасаемые», «Путь Карлито» Брайан Де Пальма
8%
«Госфорд-парк», «Нэшвилл», «Игрок» Роберт Олтмен
8%
«Карманник», «Наудачу, Бальтазар», «Приговорённый к смерти бежал» Робер Брессон
8%
«Хозяин морей: На краю земли», «Общество мёртвых поэтов», «Шоу Трумана» Питер Уир
8%
No matching quizzes found
Score Distribution
Percent of People with Each Score
Percentile by Number Answered
Your Score History
You have not taken this quiz